| 000 | 00839nam a22002057a 4500 | ||
|---|---|---|---|
| 999 |
_c13275 _d13275 |
||
| 003 | AR-CdUCM | ||
| 008 | 190411b ||||| |||| 00| 0 spa d | ||
| 040 |
_aMUNICIPALIDAD PROVINCIAL DEL CUSCO _cBIBLIOTECA MUNICIPAL DEL CUSCO |
||
| 082 |
_a345.7 / _bD35 / 1956 |
||
| 100 |
_aDelgado, Pedro Genaro _931425 |
||
| 245 |
_aFormulario, manual y reglamento de jueces de paz, materia civil : _bconcordado con el Código de procedimientos civiles, la ley orgánica del poder judicial, la ley del notariado, la Constitución del Perú y el Código civil / |
||
| 260 |
_aLima : _bImpr. El Cóndor, _c1956. |
||
| 300 |
_a215 páginas ; _c20 cm. |
||
| 505 | _aContenido: Contiene código de aguas. | ||
| 650 |
_aCódigo civil _928051 |
||
| 650 |
_aDerecho _9739 |
||
| 650 |
_aReglamentos _98910 |
||
| 942 |
_2ddc _cLIBROS |
||
| 945 |
_adavv _d11/04/2019 |
||